Oeuvres

Αποθηκεύτηκε σε:
Λεπτομέρειες βιβλιογραφικής εγγραφής
Κύριος συγγραφέας: Bronte, Anne, 1820-1849
Άλλοι συγγραφείς: Bronte, Charlotte, 1816-1855
Μορφή: Βιβλίο
Γλώσσα:French
Δημοσίευση: Paris : Robert Laffont, 1991
Σειρά:Bouquins ; ; 2
Θέματα:
Ετικέτες: Προσθήκη ετικέτας
Δεν υπάρχουν, Καταχωρήστε ετικέτα πρώτοι!

MARC

LEADER 00000cam a2200000 i 4500
001 1/76242
008 971126s1991 fre d
020 |a 2-221-06776-2 
035 |a 1993  |b 1  |c Ξανθάκη  |l 10032349 
040 |a GR-MY-UA  |b gre  |e aacr 
041 0 |a fre 
082 7 |a 823.8 
100 1 |a Bronte, Anne,   |d 1820-1849. 
245 1 0 |a Oeuvres /   |c Anne, Charlotte Bronte 
260 |a Paris :   |b Robert Laffont,   |c 1991 
300 |a 941 p. 
490 1 |a Bouquins  |v ; 2 
505 8 |a Jane Eyre / Charlotte Bronte -- La chatelaine de Windfell Hall / Anne Bronte -- Le professeur / Charlotte Bronte. 
650 0 0 |a English fiction  |y 19th century. 
650 0 0 |a English fiction  |x History and criticism. 
700 1 |a Bronte, Charlotte,   |d 1816-1855. 
740 0 |a Jane Eyre. 
740 3 |a La chatelaine de Windfell Hall. 
740 3 |a Le professeur. 
830 0 |a Bouquins ;  |v ; 2 
852 |a INST  |b RHODES  |e 19971126  |h 823.8 BRO  |p 005400009785  |q 005400009785  |t BK  |y 0 
901 |a BIBL-1997-2 
909 |a Ρ  |b 026280  |c 1993